000 00590nam a2200217 a 4500
001 BRCA_2026
005 20190320203636.0
008 170608s1908----gw-a######---#000-0#ger-#
041 _ager
044 _agw
050 4 _aPT2635 O24
_b.S36
_c1908
100 1 _aRoda Roda, Alexander Friedrich Ladislaus.
_96188
245 1 0 _aDer Schnaps, der Rauchtabak un die Verfluchte Liebe
_cRoda Roda.
250 _a8a. ed.
260 _aBerlĂ­n
_bSchuster and Loeffler
_c1908
300 _a266 p.
_c18 cm.
500 _aI4
650 1 4 _aLiteratura Alemana
_96160
902 _aGFM
942 _2lcc
_cB
999 _c1792
_d1792